| 000 | 01212cab a2200229 4500 | ||
|---|---|---|---|
| 001 | L136198 | ||
| 008 | 070117n2007 000 0 eng u | ||
| 035 | _a(Sirsi) u136198 | ||
| 041 | 0 | _aeng | |
| 050 | 0 | 4 | _a333.33 $2 18 |
| 110 | 2 |
_aHBOS plc _94703 |
|
| 245 | 0 | 0 |
_aHalifax house price index _b national index December 2006 _h[electronic resource] |
| 260 |
_aLondon _bHBOS _c2007 |
||
| 490 | 0 |
_aHalifax house price index _vDecember 2006 |
|
| 520 | _aHouse prices fell by 1.0% in December although they increased by 9.9% in 2006 overall, just above the long-term average of 8% per year. Continued economic growth, rising employment and an ongoing lack of supply will continue to drive up house prices over the coming months. Higher interest rates, greater pressure on household finances and subdued real earnings growth will, however, constrain housing demand. HBOS expects house prices to increase by 4% in 2007. | ||
| 590 | _aKA | ||
| 650 | 2 | 4 | _aHALIFAX HOUSE PRICE INDEX |
| 651 | 4 |
_aUnited Kingdom _y |
|
| 690 | _aPROPERTY-RESIDENTIAL PROPERTY-RESIDENTIAL PROPERTY MARKET | ||
| 856 | 4 | 0 |
_uhttps://www.hbosplc.com/economy/housingresearch.asp _zView the index free of charge on www.hbosplc.com |
| 942 | _n0 | ||
| 999 |
_c78187 _d78187 |
||